| Tag |
First Indicator |
Second Indicator |
Subfields |
| LEADER |
00000cam a2200000 a 4500 |
| 001 |
in00001231021 |
| 005 |
20160226115858.0 |
| 008 |
930415s1993 njua 000 0 eng |
| 010 |
|
|
|a 93004343
|
| 020 |
|
|
|a 1560006854
|
| 035 |
|
|
|a (OCoLC)28018464
|
| 035 |
|
|
|9 AGT8295AM
|
| 040 |
|
|
|a DLC
|c DLC
|d UIU
|d GZM
|d TAI
|d TXA
|d UtOrBLW
|
| 043 |
|
|
|a cl-----
|
| 049 |
|
|
|a TXAM
|
| 050 |
0 |
0 |
|a JL966
|b .W66 1993
|
| 082 |
0 |
0 |
|a 323.3/4/098
|2 20
|
| 245 |
0 |
0 |
|a Women and grass roots democracy in the Americas /
|c Dorrit Marks, editor ; Carolyn Glynn, rapporteur.
|
| 264 |
|
1 |
|a New Brunswick, U.S.A. :
|b Transaction Publishers ;
|c [1993]
|
| 264 |
|
2 |
|a Boulder, Co. :
|b Distributed by Lynne Rienner publishers,
|
| 264 |
|
4 |
|c ©1993
|
| 300 |
|
|
|a viii, 237 pages :
|b illustrations ;
|c 23 cm.
|
| 336 |
|
|
|a text
|b txt
|2 rdacontent
|
| 337 |
|
|
|a unmediated
|b n
|2 rdamedia
|
| 338 |
|
|
|a volume
|b nc
|2 rdacarrier
|
| 500 |
|
|
|a At head of title: North-South Center, University of Miami.
|
| 541 |
0 |
|
|a Donated by Susan Dixon Richardson and Joe C. Richardson, Jr. for the Jayne and William H. Mobley Collection in Presidential Studies.
|
| 650 |
|
0 |
|a Political participation
|z Latin America.
|
| 650 |
|
0 |
|a Citizens' associations
|z Latin America.
|
| 650 |
|
0 |
|a Women and democracy
|z Latin America.
|
| 650 |
|
0 |
|a Women civic leaders
|z Latin America.
|
| 650 |
|
0 |
|a Women
|x Political activity
|z Latin America.
|
| 650 |
|
7 |
|a Participación política
|z América Latina.
|2 bidex
|
| 650 |
|
7 |
|a Democracia
|z América Latina.
|2 bidex
|
| 650 |
|
7 |
|a Mujeres en la política
|z América Latina.
|2 bidex
|
| 700 |
1 |
|
|a Marks, Dorrit K.,
|d 1936-
|
| 700 |
1 |
|
|a Glynn, Carolyn.
|
| 710 |
2 |
|
|a University of Miami.
|b North-South Center.
|
| 999 |
|
|
|a MARS
|
| 999 |
f |
f |
|s 0a018b28-ec28-390e-aefc-4f4120df4a2d
|i e8eb06ad-d44b-301b-8f3f-e70c9b0c9586
|t 0
|
| 952 |
f |
f |
|p ric
|a Texas A&M University
|b Rellis Campus
|c Joint Library Facility
|d Remote Storage
|t 0
|e JL966 .W66 1993
|h Library of Congress classification
|i unmediated -- volume
|m A14819704692
|
| 998 |
f |
f |
|a JL966 .W66 1993
|t 0
|l Remote Storage
|